John F. Kennedy International Airport Destinations (New York, USA) - Statistics

General Stats
  • This quiz has been taken 820 times
    476 since last reset
  • The average score is 121 of 200
Answer Stats
Airlines Destinations % Correct
Air China Beijing (Capital)
93%
British Airways/Delta Air Lines/JetBlue/Norse Atlantic Airways London (Gatwick)
93%
American Airlines/British Airways/Delta Air Lines/JetBlue/Virgin Atlantic London (Heathrow)
93%
All Nippon Airways/American Airlines/Japan Airlines Tokyo (Haneda)
93%
Air Europa/American Airlines/Delta Air Lines/Iberia Madrid
92%
Aeroméxico/American Airlines/Delta Air Lines/Viva Mexico City
92%
Air France/American Airlines/Delta Air Lines/JetBlue/Norse Atlantic Airways Paris (Charles de Gaulle)
91%
American Airlines/Delta Air Lines/ITA Airways/Norse Atlantic Airways Rome (Fiumicino)
90%
Air Canada Express/American Eagle/Delta Connection/Flair Airlines Toronto (Pearson)
90%
Delta Air Lines/JetBlue/KLM Amsterdam
89%
Egyptair Cairo
89%
Emirates Dubai (International)
89%
Aer Lingus/Delta Air Lines/JetBlue Dublin
89%
Finnair Helsinki
89%
Turkish Airlines Istanbul
89%
Delta Air Lines/TAP Air Portugal Lisbon
89%
Qantas Sydney
89%
American Airlines/Delta Air Lines/Level Barcelona
88%
American Eagle/Delta Air Lines/Delta Connection/JetBlue Boston
88%
Delta Air Lines Houston (Intercontinental)
88%
American Airlines/Delta Air Lines/Frontier Airlines/JetBlue Los Angeles
88%
Ethiopian Airlines Addis Ababa
87%
American Airlines/Delta Air Lines/Frontier Airlines/JetBlue Dallas/Fort Worth
87%
Air India/American Airlines Delhi
87%
American Airlines/Delta Air Lines/Frontier Airlines/JetBlue Miami
87%
Norse Atlantic Airways/Scandinavian Airlines Oslo
87%
Alaska Airlines/Delta Air Lines/JetBlue Seattle/Tacoma
87%
China Eastern Airlines Shanghai (Pudong)
87%
Delta Air Lines/Frontier Airlines/JetBlue Atlanta
86%
American Airlines/Delta Connection/Frontier Airlines/JetBlue Chicago (O'Hare)
86%
Air Canada Express/Delta Connection Montréal (Trudeau)
86%
Alaska Airlines/American Airlines/Delta Air Lines/JetBlue San Francisco
86%
LOT Polish Airlines Warsaw (Chopin)
86%
American Airlines/Delta Air Lines/Norse Atlantic Airways Athens
85%
LATAM Perú Lima
85%
American Airlines/Delta Air Lines/Emirates/ITA Airways/Neos Milan (Malpensa)
85%
Air India Mumbai
85%
LATAM Chile Santiago de Chile
85%
Delta Air Lines/JetBlue Santiago de los Caballeros
85%
Delta Air Lines Stockholm (Arlanda)
85%
Etihad Airways Abu Dhabi
84%
Delta Air Lines/Norse Atlantic Airways Berlin
84%
Brussels Airlines/Delta Air Lines Brussels
84%
Delta Air Lines/Scandinavian Airlines Copenhagen
84%
Condor/Delta Air Lines/Lufthansa/Singapore Airlines Frankfurt
84%
American Airlines/Delta Air Lines Rio de Janeiro (Galeão)
84%
Asiana Airlines/Korean Air Seoul (Incheon)
84%
Austrian Airlines Vienna
84%
Alaska Airlines Anchorage
83%
Avianca Costa Rica/JetBlue/Volaris Costa Rica/JetBlue San José (CR)
83%
Delta Air Lines/JetBlue San José del Cabo
83%
Singapore Airlines Singapore
83%
JetBlue Vancouver
83%
Delta Air Lines/Swiss International Air Lines Zürich
83%
Avianca/Delta Air Lines Bogotá
82%
Cathay Pacific Hong Kong
82%
Lufthansa Munich
82%
Philippine Airlines Manila
81%
Delta Connection Washington (Dulles)
81%
American Eagle/Delta Connection/JetBlue Washington (National)
81%
American Airlines/Delta Air Lines/JetBlue Austin
80%
Delta Air Lines/Frontier Airlines/JetBlue Denver
80%
Qatar Airways Doha
80%
American Airlines/Delta Air Lines/Frontier Airlines/JetBlue Las Vegas
80%
Delta Connection/JetBlue Portland (ME)
80%
Alaska Airlines/Delta Air Lines Portland (OR)
80%
Saudia Riyadh
80%
Aer Lingus/Virgin Atlantic Manchester (UK)
79%
Delta Air Lines/Frontier Airlines/JetBlue Orlando
79%
American Airlines/Delta Air Lines/JetBlue Phoenix (Sky Harbor)
79%
Alaska Airlines/Delta Air Lines/JetBlue San Diego
79%
Air New Zealand/Qantas Auckland
78%
American Airlines/Delta Air Lines Buenos Aires (Ezeiza)
78%
Delta Air Lines/Delta Connection Detroit
78%
Delta Air Lines/Hawaiian Airlines Honolulu
78%
Delta Air Lines/JetBlue/Sun Country Airlines Minneapolis/St. Paul
78%
American Airlines/Arkia/Delta Air Lines/El Al Tel Aviv
78%
Royal Jordanian Amman (Queen Alia)
76%
WestJet Calgary
76%
Royal Air Maroc Casablanca
76%
Kenya Airways Nairobi (Jomo Kenyatta)
76%
American Airlines/Delta Air Lines/LATAM Brasil São Paulo (Guarulhos)
76%
Delta Air Lines/Icelandair Reykjavík
75%
Kuwait Airways Kuwait City
74%
Avianca Ecuador Quito
74%
American Airlines/Delta Air Lines/JetBlue Cancún
73%
American Eagle/Delta Connection/JetBlue Nashville
73%
Delta Air Lines/JetBlue New Orleans
73%
Azores Airlines Porto
73%
Delta Air Lines/Frontier Airlines/JetBlue Tampa
73%
American Airlines/Delta Connection Charlotte
72%
American Eagle/Delta Connection Cleveland
72%
China Southern Airlines Guangzhou
72%
American Eagle/Delta Connection Cincinnati
71%
Delta Air Lines/Swiss International Air Lines Geneva
71%
Delta Air Lines/JetBlue Nassau
71%
Delta Air Lines San Antonio
71%
Delta Air Lines/JetBlue Santo Domingo (Las Américas)
71%
Air Serbia Belgrade
70%
Delta Connection Kansas City
70%
Delta Air Lines Naples
70%
Delta Connection St. Louis
70%
Avianca El Salvador/JetBlue Guatemala City
69%
Caribbean Airlines/Delta Air Lines/JetBlue Kingston (Norman Manley)
69%
Delta Air Lines/JetBlue Edinburgh
68%
Delta Connection/JetBlue Jacksonville (FL)
68%
Avianca El Salvador/Delta Air Lines/Volaris Costa Rica San Salvador
68%
American Eagle/Delta Connection Columbus (Glenn)
67%
American Eagle/Delta Connection Indianapolis
67%
Delta Connection Memphis
67%
Delta Air Lines/JetBlue Salt Lake City
67%
China Airlines/EVA Air Taipei (Taoyuan)
66%
Saudia Jeddah
65%
Aeroméxico Monterrey
65%
American Eagle/Delta Connection/JetBlue Pittsburgh
65%
Delta Air Lines Prague
65%
Delta Connection/JetBlue Buffalo
63%
Delta Air Lines/Frontier Airlines/Frontier Airlines/JetBlue San Juan
63%
Delta Air Lines Lagos
62%
Delta Connection Milwaukee
62%
Copa Airlines Panama City (Tocumen)
62%
American Eagle/Delta Connection/JetBlue Raleigh/Durham
62%
Delta Air Lines Venice
62%
JetBlue Albuquerque
61%
JetBlue Sacramento
61%
Avianca Medellín (JMC)
57%
HiSky Bucharest (Otopeni)
56%
JetBlue Port-au-Prince
54%
Delta Air Lines Nice
53%
Delta Connection/JetBlue Charleston (SC)
51%
Uzbekistan Airways Tashkent
51%
Delta Air Lines Accra
49%
Avianca Cali
49%
Avianca Ecuador/JetBlue/LATAM Ecuador Guayaquil
49%
Caribbean Airlines/JetBlue Port of Spain
48%
Delta Connection Richmond
48%
Delta Air Lines Dakar (Diass)
46%
American Airlines/Caribbean Airlines/JetBlue Georgetown (Cheddi Jagan)
46%
JetBlue Reno/Tahoe
46%
Neos Palermo
45%
Delta Air Lines/JetBlue Fort Lauderdale
43%
JetBlue Providence
42%
Delta Connection/JetBlue Savannah
41%
American Airlines/Delta Air Lines/JetBlue Punta Cana
39%
Gulf Air Bahrain
38%
Delta Connection/JetBlue Rochester (NY)
38%
American Airlines/JetBlue St. Lucia (Hewanorra)
37%
Delta Connection/JetBlue Syracuse
37%
American Airlines/Caribbean Airlines/JetBlue St. Vincent (Argyle)
36%
American Airlines/Delta Air Lines/JetBlue Antigua
35%
American Airlines/Delta Air Lines/JetBlue St. Kitts
35%
American Airlines/Delta Air Lines/JetBlue Barbados
34%
JetBlue Hartford
34%
American Eagle/Delta Connection Norfolk
34%
American Airlines/Delta Air Lines/JetBlue Bermuda
33%
Aer Lingus/Delta Air Lines Shannon
33%
Delta Air Lines/JetBlue Aruba
32%
American Airlines/Caribbean Airlines/Delta Air Lines/JetBlue Montego Bay
32%
Ethiopian Airlines Abidjan
31%
JetBlue Belize City
31%
Delta Air Lines/JetBlue Fort Myers
31%
JetBlue Grenada
31%
Avianca/JetBlue Cartagena
30%
JetBlue Curaçao
27%
American Airlines/Delta Air Lines/JetBlue St. Maarten
27%
Delta Connection/JetBlue Burlington (VT)
26%
Azores Airlines Ponta Delgada
26%
XiamenAir Fuzhou
25%
Cayman Airways/Delta Air Lines/JetBlue Grand Cayman
25%
JetBlue Bonaire
22%
Avianca Costa Rica/JetBlue San Pedro Sula
22%
Delta Connection/JetBlue Sarasota
22%
Delta Connection Bangor
21%
Delta Air Lines Catania
21%
Cape Air/Delta Connection/JetBlue Martha's Vineyard
21%
Cape Air/Delta Connection/JetBlue Nantucket
21%
Alaska Airlines Puerto Vallarta
20%
Delta Air Lines/JetBlue West Palm Beach
20%
JetBlue Ontario
19%
Caribbean Airlines Tobago
19%
Neos Bari
18%
American Airlines/JetBlue Liberia (CR)
18%
Alaska Airlines/Delta Air Lines Palm Springs
18%
American Airlines/Delta Air Lines St. Thomas
18%
Delta Air Lines/JetBlue Bozeman
17%
JetBlue Burbank
17%
JetBlue Daytona Beach
17%
American Airlines Orange County
17%
American Airlines/Delta Air Lines/JetBlue Providenciales
15%
JetBlue Tulum
15%
Delta Connection Ithaca
14%
American Airlines/Delta Air Lines Eagle/Vail
13%
JetBlue Puerto Plata
13%
Cape Air/JetBlue Hyannis
12%
JetBlue Ponce
12%
Azores Airlines Terceira
12%
JetBlue Aguadilla
11%
Avianca Pereira
8%
Cape Air Saranac Lake/Lake Placid
7%
JetBlue Vero Beach
5%
No matching quizzes found
Score Distribution
Percent of People with Each Score
Percentile by Number Answered
Your Score History
You have not taken this quiz since the last reset